Statystyki dla Władcy Polscy

Kliknij tutaj aby rozwiązać quiz!

Ogólne statystyki

  • Ten quiz został rozwiązany 78 razy
  • Średni wynik to 7 z 24

Statystyki odpowiedzi

StatusWładca% Poprawnych
+Bolesław I Chrobry
100%
-Mieszko I
100%
+Kazimierz III Wielki
62%
+Władyslaw Łokietek
45%
-Bolesław II Śmiały
44%
-Kazimierz I Odnowiciel
44%
+Mieszko II Lambert
44%
+Jadwiga
37%
-Wladysław Herman
32%
-Mieszko III Stary
24%
+Ludwik Węgierski
20%
+Przemysł II
17%
-Bolesław III Krzywoustny
15%
-Bolesław IV Kedzierzawy
15%
-Leszek I Biały
15%
-Władyslaw II Wygnaniec
15%
-Wacław III
14%
-Leszek II Czarny
11%
-Kazimierz II Sprawiedliwy
10%
-Bolesław V Wstydliwy
7%
-Henryk I Brodaty
6%
-Henryk II Pobozny
4%
-
Henryk IV Probus
3%
+Wacław II Czeski
0%

Rozkład punktacji

Percentyl według liczby udzielonych odpowiedzi

Procent ludzi z każdym wynikiem

Twoja historia wyników

Nie rozwiązałeś tego quizu